Rogue One Cast - Sudden Death - Statistics

General Stats
  • This quiz has been taken 59 times
  • The average score is 6 of 14
Answers on the Grid
Answers color-coded by a green-red scale on the quiz's grid according to % correct below.
Mads Mikkelsen
James Earl Jones
Felicity Jones
Pernilla August
Keanu Reeves
Anthony Daniels
Kenny Baker
Aubrey Plaza
Linda Blair
Riz Ahmed
Laurence Fishburne
Wen Jiang
Gareth Edwards
Ben Mendelsohn
Warwick Davis
Diego Luna
Guy Henry
Trevor Butterfield
Sam Claflin
Jet Li
Ahned Best
Alan Tudyk
Forest Whitaker
Joel Edgerton
Daniel Logan
Donnie Yen
Jaleel White
Denis Lawson
Peter Mayhew
Jimmy Smits
 
Answer Stats
Answer % Correct
Felicity Jones
89%
Mads Mikkelsen
84%
James Earl Jones
71%
Diego Luna
55%
Anthony Daniels
53%
Ben Mendelsohn
42%
Donnie Yen
42%
Riz Ahmed
42%
Alan Tudyk
37%
Forest Whitaker
37%
Jimmy Smits
26%
Wen Jiang
24%
Warwick Davis
18%
Guy Henry
13%
No matching quizzes found
Score Distribution
Percent of People with Each Score
Percentile by Number Answered
Your Score History
You have not taken this quiz